000 00431nam a22001577a 4500
003 SGT
020 _a978-9389034974
082 _a611
_bI21P
100 _aPushpalatha K
245 _aInderbir Singh’S Textbook Of Human Histology With Colour Atlas And Practical Guide
250 _a9TH
260 _aNEW DELHI
_bJaypee Brothers Medical Publishers
_c2021
300 _a1-350
650 _a Human Histology
942 _2ddc
_cBK
_06
999 _c20846
_d20846